| 000 | 01305nam a2200349 i 4500 | ||
|---|---|---|---|
| 001 | 016557212 | ||
| 003 | EG-ScBUE | ||
| 005 | 20230306032038.0 | ||
| 008 | 131010s2014 enka f 000 0 eng d | ||
| 020 | _a9780007848423 (pbk.) | ||
| 035 | _a(UkOxU)020289053 | ||
| 035 | _a(Uk)016557212 | ||
| 035 | _a(StEdALDL)1/3132157 | ||
| 040 |
_aStDuBDS _beng _erda _cStDuBDS _dUkOxU _dUk _dEG-ScBUE |
||
| 082 | 0 | 4 |
_a158.1 _222 _bSHA |
| 100 | 1 |
_aSharma, Robin S. _q(Robin Shilp), _d1964- _eauthor. |
|
| 245 | 1 | 4 |
_aThe monk who sold his Ferrari : _ba spiritual fable about fulfilling your dreams and reaching your destiny / _cRobin Sharma. |
| 264 | 1 |
_aLondon : _bHarper Thorsons, _c2014. |
|
| 300 |
_a236 pages : _billustrations ; _c18 cm |
||
| 336 |
_atext _2rdacontent _btxt |
||
| 337 |
_aunmediated _2rdamedia _bn |
||
| 338 |
_avolume _2rdacarrier _bnc |
||
| 500 | _aFirst published: The Haunsla Corporation, 1997. | ||
| 520 | _aAdvice on life strategies presented through a fictional account of what an ex-lawyer learned from Himalayan gurus. | ||
| 650 | 7 |
_aSelf-realization. _2BUEsh |
|
| 650 | 7 |
_aSelf-actualization (Psychology) _2BUEsh |
|
| 653 |
_bHHUUPPSS _cMarch2023 |
||
| 655 | _vReading book | ||
| 942 |
_2ddc _cBB |
||
| 999 |
_c30203 _d30174 |
||